01340nam a2200313Ia 450000500170000000800410001702000150005804100080007310000330008124500750011425000220018926400290021130000250024033600270026533700330029233800280032549000150035350400420036850503230041060000330073365000420076665000460080865000290085465000230088365000300090670000440093604000350098008400110101520220316235414.0121119s1998 sp gr 000 f spa  a84080262671 aspa1 aHemingway, Ernestd1899-196113aEl viejo y el marcErnest Hemingway ; traducción de Lino Novas Calvo aPrimera edición 1aBarcelonabPlanetac1998 a233 páginasc19 cm atextobtxt2rdacontent asin mediaciónbn2rdamedia avolumenbnc2rdacarrier0 aBooket oro aIncluye datos biográficos del autor0 aLos Hemingway y Oak Park |t Europa, por vez primera |t Cuando 1. París era una fiesta. -- 2. Intermedio español. -- 3.La consagración literaria. -- 4. Adiós a las armas. -- 5. La evasión africana. -- 6.Tierra española. -- 7.Tener y no tener -- 8. Por quién doblan las campanas. -- 9.Los últimos años14aHemingway, Ernestd1899-1961142LEMBaNovela estadounidenseySiglo XX142LEMBaLiteratura estadounidenseySiglo XX142LEMBaAventuras vNovela142LEMBaMar vNovela142LEMBaPescadores vNovela1 aNovas Calvo, Linod1905-1982etraductor aCO-BoRNBPbspaerdacCO-BoRNBP aN HEM1